95 Biggest Cities in North America - Statistics

General Stats
  • This quiz has been taken 71 times
  • The average score is 43 of 95
Answer Stats
# Country Population City % Correct
1 Mexico 8,918,653 Mexico City
100%
2 United States 8,550,405 New York City
100%
3 United States 3,971,883 Los Angeles
98%
4 Canada 2,826,498 Toronto
97%
6 United States 2,296,224 Houston
93%
8 Canada 1,753,034 Montreal
93%
5 United States 2,720,546 Chicago
92%
18 United States 1,300,092 Dallas
92%
7 Cuba 2,117,625 Havana
88%
15 United States 1,394,928 San Diego
88%
12 United States 1,469,845 San Antonio
87%
39 United States 864,816 San Francisco
87%
71 Canada 648,608 Vancouver
87%
66 United States 667,137 Boston
85%
13 Mexico 1,460,148 Guadalajara
85%
23 Mexico 1,109,171 Monterrey
85%
11 United States 1,563,025 Phoenix
85%
58 United States 684,451 Seattle
85%
26 United States 1,026,908 San Jose
83%
31 Canada 956,710 Ottawa
80%
64 United States 672,228 Washington D.C.
80%
28 Guatemala 994,078 Guatemala City
77%
27 Dominican Republic 1,007,997 Santo Domingo
75%
32 United States 931,830 Austin
73%
60 United States 682,545 Denver
73%
63 United States 677,116 Detroit
72%
19 Mexico 1,298,475 Tijuana
70%
20 Canada 1,230,915 Calgary
68%
33 Canada 899,447 Edmonton
67%
29 Haiti 987,310 Port-au-Prince
67%
72 United States 632,309 Portland
67%
37 United States 868,031 Jacksonville
63%
21 Honduras 1,190,230 Tegucigalpa
63%
43 United States 827,097 Charlotte
62%
75 United States 623,747 Las Vegas
60%
24 Nicaragua 1,048,134 Managua
58%
61 United States 681,124 El Paso
55%
14 Mexico 1,437,939 Puebla
55%
40 United States 853,173 Indianapolis
53%
69 United States 654,610 Nashville
53%
53 Canada 718,400 Winnipeg
53%
76 United States 621,849 Baltimore
52%
55 Mexico 711,682 Cancun
52%
68 United States 655,770 Memphis
52%
87 Canada 540,994 Quebec City
52%
42 United States 833,319 Fort Worth
50%
16 Mexico 1,382,753 Juarez
48%
41 United States 850,106 Columbus
47%
65 Jamaica 669,627 Kingston
47%
80 United States 600,155 Milwaukee
43%
74 United States 631,346 Oklahoma City
43%
85 United States 559,121 Albuquerque
40%
17 Mexico 1,349,224 Leon
40%
10 United States 1,567,442 Philadelphia
40%
94 United States 520,052 Fresno
35%
34 Mexico 892,363 Merida
35%
38 Mexico 867,736 Chihuahua
33%
78 United States 615,366 Louisville
33%
54 Mexico 717,628 Mexicali
32%
56 Mexico 710,261 Acapulco
28%
86 Canada 556,359 Hamilton
28%
49 Mexico 752,171 Veracruz
22%
47 Canada 761,300 Mississauga
20%
46 Mexico 785,942 Aguascalientes
18%
48 Mexico 759,854 San Luis Potosi
17%
36 Mexico 873,536 Toluca
17%
83 Mexico 590,893 Durango
15%
70 Mexico 653,150 Torreon
13%
44 Mexico 819,999 Hermosillo
12%
35 Mexico 878,931 Queretaro
12%
77 Canada 620,700 Brampton
8%
52 Mexico 720,798 Culiacan
8%
25 Mexico 1,039,867 Nezahualcoyotl
8%
73 Mexico 631,611 Reynosa
8%
57 Mexico 700,734 Tlalnepantla
8%
22 Mexico 1,179,681 Zapopan
8%
59 Mexico 682,880 Guadalupe
7%
79 Mexico 608,190 Morelia
7%
30 Mexico 970,012 Naucalpan
7%
45 Mexico 791,074 Saltillo
7%
95 Haiti 501,768 Carrefour
5%
62 Mexico 679,811 Chimalhuacan
5%
9 Mexico 1,677,678 Ecatepec de Morelos
5%
91 Canada 526,004 Surrey
5%
89 United States 531,641 Tuscon
5%
81 Mexico 598,710 Tuxtla Gutierrez
5%
51 Dominican Republic 723,162 Santiago de los Caballeros
3%
67 Mexico 664,193 Tlaquepaque
3%
82 Mexico 597,207 Apodaca
2%
92 Mexico 523,296 Ciudad Lopez Mateos
2%
90 Mexico 531,041 Cuautitlan Izcalli
2%
88 Mexico 536,111 Tonala
2%
84 Guatemala 564,686 Villa Nueva
2%
50 Honduras 742,118 Sam Pedro Pula
0%
93 Mexico 520,557 Tultitlan
0%
No matching quizzes found
Score Distribution
Percent of People with Each Score
Percentile by Number Answered
Your Score History
You have not taken this quiz